000 01217nam a22003255i 4500
001 13649214
003 EG-ScBUE
005 20251209093142.0
008 040708r20132002enka f b 001 0 eng
020 _a0854046623
020 _a9780854046621
040 _aEG-ScBUE
_beng
_erda
_cEG-ScBUE
_dEG-ScBUE
082 0 4 _a547.6
_222
_bHEP
100 1 _aHepworth, John D.,
_932640
_eauthor.
245 1 0 _aAromatic chemistry /
_cJohn D. Hepworth, University of Central Lancashire, David R. Waring, formerly of kodak Ltd., Kirkby, Liverpool, Michael J. Waring, Astra Zeneca, Alderley Park, Cheshire.
250 _aReprinted edition.
264 1 _aCambridge :
_bRoyal Society of Chemistry,
_c2013.
300 _avii, 168 pages :
_billustrations ;
_c25 cm.
336 _2rdacontent
_atext
_btxt
337 _aunmediated
_2rdamedia
_bn
338 _avolume
_bnc
_2rdacarrier
490 0 _aTutorial chemistry texts ;
_v13
504 _aIncludes bibliographical references and index.
650 7 _aAromatic compounds.
_932642
_2BUEsh
653 _cFebruary2013
_cSeptember2013
655 _vReading book
700 1 _aWaring, David R.,
_932643
_eauthor.
700 1 _aWaring, Michael J.,
_932644
_eauthor.
942 _2ddc
_cBB
999 _c17304
_d17276